|
|
|
|
| LEADER |
00000cam a2200000 a 4500 |
| 001 |
vtls001103666 |
| 003 |
SK-MaSNL |
| 005 |
20260311123251.0 |
| 008 |
240226s1981 xo odl frn 001 0 slo |
| 015 |
|
|
|a SNBA1981
|
| 020 |
|
|
|q (viazané)
|
| 035 |
|
|
|a SNK000046508
|
| 035 |
|
|
|a A9F3C275-1440-4B1A-B9ED-A442C55A43A1
|
| 035 |
|
|
|a urn:nbn:sk:snk-am00ij69
|
| 040 |
|
|
|a SNK
|b slo
|c SNK
|e AACR2
|
| 041 |
0 |
|
|a slo
|b rus
|b ger
|
| 043 |
|
|
|a e-cs---
|
| 044 |
|
|
|a xo
|c SK
|
| 072 |
|
7 |
|a 37
|x Výchova a vzdelávanie
|2 konspekt
|
| 080 |
|
|
|a 37.01/.09
|2 2011
|
| 080 |
|
|
|a 304
|2 2011
|
| 080 |
|
|
|a 37.018.8
|2 2011
|
| 080 |
|
|
|a (048.8)
|2 2011
|
| 080 |
|
|
|a (437)
|2 2011
|
| 080 |
|
|
|a 37.013.42
|2 2011
|
| 100 |
1 |
|
|a Baláž, Ondrej,
|d 1922-2016
|4 aut
|9 196096
|
| 245 |
1 |
0 |
|a Sociálne aspekty výchovy
|c Ondrej Baláž a kolektív
|
| 250 |
|
|
|a 1. vyd.
|
| 260 |
|
|
|a Bratislava
|b Veda
|c 1981
|
| 300 |
|
|
|a 354 strán, [2] nečíslované strany obrazových príloh
|b farebné fotografie, grafy, schémy, tabuľky
|c 24 cm
|
| 366 |
|
|
|e 3000 kusov
|
| 500 |
|
|
|a Titulný dvojlist
|
| 500 |
|
|
|a Vydala Slovenská akadémia vied, Ústav experimentálnej pedagogiky
|
| 504 |
|
|
|a Bibliografia na strane 322-332. Menný register na strane 348-351. Vecný register na strane 352-354. Obsahuje bibliografické odkazy
|
| 546 |
|
|
|a Ruské a nemecké resumé
|
| 650 |
0 |
7 |
|a výchova a vzdelávanie
|2 SNKPH
|9 1684
|
| 650 |
0 |
7 |
|a sociálne aspekty
|2 SNKPH
|9 3878
|
| 650 |
0 |
7 |
|a vyučovanie
|2 SNKPH
|9 1522
|
| 650 |
0 |
7 |
|a sociálna pedagogika
|2 SNKPH
|9 16623
|
| 651 |
|
7 |
|a Československo
|2 SNKPHgeo
|9 21376
|
| 655 |
|
7 |
|a štúdie
|2 SNKPH
|9 57033
|
| 655 |
|
7 |
|a monografie
|2 SNKPH
|9 70139
|
| 710 |
2 |
|
|a Slovenská akadémia vied.
|b Ústav experimentálnej pedagogiky
|4 pbl
|9 89916
|
| 852 |
|
|
|a Slovenská národná knižnica
|
| 954 |
|
|
|a odborná, vedecká literatúra pôvodná (slovenská)
|
| 958 |
|
|
|a RK
|
| 958 |
|
|
|a TL
|
| 958 |
|
|
|a NB
|
| 958 |
|
|
|a OND
|
| 958 |
|
|
|a SP
|
| 958 |
|
|
|a EUIPO
|
| 999 |
|
|
|c 620981
|d 622911
|
| 952 |
|
|
|t 2
|a SNK
|b SNK
|y VYP
|7 0
|p 17A0020009
|o snkSC 52101 D1
|i snkKSP 10554/81
|8 0
|0 0
|1 0
|2 udc
|4 0
|d 1996-11-22
|l 0
|r 2004-12-31 00:00:00
|w 2026-02-23
|
| 952 |
|
|
|t 1
|a SNK
|b SNK
|y PREZ
|7 0
|p 17A0196199
|o snkSC 52101
|i snkKSP 10553/81
|8 0
|0 0
|1 0
|2 udc
|4 0
|d 1999-06-14
|f 1
|l 0
|r 2004-12-31 00:00:00
|w 2026-02-23
|